Statystyki dla Godła państw Ameryki Północnej i Południowej

Kliknij tutaj aby rozwiązać quiz!

Ogólne statystyki

  • Ten quiz został rozwiązany 124 razy
  • Średni wynik to 23 z 34

Statystyki odpowiedzi

Odpowiedź% Poprawnych
Boliwia
97%
Dominikana
97%
Ekwador
92%
Nikaragua
92%
Paragwaj
92%
Brazylia
91%
Kostaryka
89%
Stany Zjednoczone
89%
Argentyna
88%
Meksyk
88%
Salwador
87%
Kolumbia
85%
Panama
83%
Peru
83%
Belize
75%
Honduras
75%
Haiti
72%
Wenezuela
71%
Kanada
69%
Chile
60%
Gwatemala
59%
Antigua i Barbuda
55%
Dominika
55%
Bahamy
53%
Trynidad i Tobago
53%
Kuba
48%
Grenada
41%
Jamajka
41%
Barbados
40%
Gujana
36%
Surinam
35%
Saint Kitts i Nevis
33%
Saint Lucia
31%
Saint Vincent i Grenadyny
31%

Rozkład punktacji

Percentyl według liczby udzielonych odpowiedzi

Procent ludzi z każdym wynikiem

Twoja historia wyników

Nie rozwiązałeś tego quizu